[Event "Pan American-ch U18 Girls 17th"]
[Site "Villa Carlos Paz"]
[Date "2008.07.04"]
[Round "7"]
[White "Mamani, Jacqueline"]
[Black "Gutierrez Mancillas, Alicia Abig"]
[Result "0-1"]
[WhiteElo "1555"]
[BlackElo "2004"]
[PlyCount "37"]
[EventDate "2008.06.30"]
[EventType "swiss"]
[EventRounds "9"]
[EventCountry "ARG"]
[SourceTitle "EXT 2022"]
[Source "ChessBase"]
[SourceDate "2021.10.06"]
[SourceVersion "1"]
[SourceVersionDate "2021.10.06"]
[SourceQuality "1"]

1. Nf3 Nf6 2. c4 c6 3. b3 d5 4. Bb2 e6 5. g3 Nbd7 6. Bg2 Bd6 7. d4 0-0 8. 0-0 Qe7 9. Nc3 dxc4 10. bxc4 e5 11. d5 cxd5 12. cxd5 Nb6 13. Qb3 Bd7 14. e4 Rac8 15. Rac1 Nc4 16. Rc2 Na5 17. Nxe5 Nxb3 18. Nxd7 Nxd7 19. axb3 0-1

[Event "Pan American-ch U18 Girls 17th"]
[Site "Villa Carlos Paz"]
[Date "2008.07.03"]
[Round "6"]
[White "Gutierrez Mancillas, Alicia Abig"]
[Black "Cardona, Carolina"]
[Result "1-0"]
[WhiteElo "2004"]
[BlackElo "1861"]
[PlyCount "117"]
[EventDate "2008.06.30"]
[EventType "swiss"]
[EventRounds "9"]
[EventCountry "ARG"]
[SourceTitle "EXT 2022"]
[Source "ChessBase"]
[SourceDate "2021.10.06"]
[SourceVersion "1"]
[SourceVersionDate "2021.10.06"]
[SourceQuality "1"]

1. e4 e5 2. Nf3 Nf6 3. Nxe5 d6 4. Nf3 Nxe4 5. Qe2 Qe7 6. d3 Nf6 7. Bg5 Qxe2+ 8. Bxe2 Be7 9. Nc3 Nc6 10. 0-0-0 Ng4 11. Rhf1 Bxg5+ 12. Nxg5 Nf6 13. Bf3 Ne5 14. Rfe1 Kd7 15. Nd5 Ng8 16. Rxe5 dxe5 17. Nxf7 c6 18. Ne3 Ke7 19. Nxh8 Be6 20. Be4 Nf6 21. Ng6+ hxg6 22. Bxg6 Rh8 23. h3 Nd5 24. Be4 Nf4 25. Kd2 Kf6 26. Re1 Rd8 27. Bf3 a6 28. a3 Rd4 29. Bg4 Bf7 30. g3 Ng6 31. Nf5 Rd8 32. h4 Nf8 33. Ne3 e4 34. Bf5 exd3 35. Bxd3 Be6 36. Kc3 Nd7 37. Bc4 Nc5 38. f3 Re8 39. Bxe6 Nxe6 40. Ng4+ Kf7 41. Ne5+ Kf6 42. Nd7+ Kf7 43. f4 Rd8 44. Ne5+ Kf6 45. Re3 Nc7 46. Rd3 Nb5+ 47. Kd2 Nd6 48. Ke2 Ke6 49. Nc4 Nf7 50. Rxd8 Nxd8 51. Kf3 b5 52. Ne5 c5 53. Ke4 Nb7 54. f5+ Kd6 55. g4 c4 56. Kd4 Nc5 57. g5 a5 58. h5 Na6 59. h6 1-0

[Event "Wch U18 Girls"]
[Site "Kemer"]
[Date "2007.11.25"]
[Round "8"]
[White "Gutierrez Mancillas, Alicia Abig"]
[Black "Preethi, Rajkumar"]
[Result "0-1"]
[WhiteElo "1869"]
[BlackElo "2125"]
[PlyCount "62"]
[EventDate "2007.11.18"]
[EventType "swiss"]
[EventRounds "11"]
[EventCountry "TUR"]
[SourceTitle "CBM 121 Extra"]
[Source "ChessBase"]
[SourceDate "2008.01.10"]
[SourceVersion "1"]
[SourceVersionDate "2008.01.10"]
[SourceQuality "1"]

1. e4 c5 2. Nf3 Nc6 3. c3 Nf6 4. e5 Nd5 5. d4 cxd4 6. cxd4 e6 7. Nc3 Nxc3 8. bxc3 d6 9. Bf4 Be7 10. Bd3 0-0 11. 0-0 h6 12. Re1 Qc7 13. Qe2 f5 14. exf6 Rxf6 15. Qe4 Bd7 16. Qh7+ Kf7 17. Bg3 Rg8 18. Nh4 Qa5 19. Ng6 Qxc3 20. Nxe7 Nxe7 21. Bxd6 Nf5 22. Bxf5 Rxf5 23. Be5 Qc2 24. Kf1 Bc6 25. Bg3 Qe4 26. f3 Qxd4 27. Bf2 Qf6 28. Rad1 a6 29. Rd2 Rd8 30. Ree2 Bb5 31. Bh4 Qxh4 0-1

[Event "Wch U18 Girls"]
[Site "Kemer"]
[Date "2007.11.24"]
[Round "7"]
[White "Exler, Veronika"]
[Black "Gutierrez Mancillas, Alicia Abig"]
[Result "0-1"]
[WhiteElo "2020"]
[BlackElo "1869"]
[PlyCount "116"]
[EventDate "2007.11.18"]
[EventType "swiss"]
[EventRounds "11"]
[EventCountry "TUR"]
[SourceTitle "CBM 121 Extra"]
[Source "ChessBase"]
[SourceDate "2008.01.10"]
[SourceVersion "1"]
[SourceVersionDate "2008.01.10"]
[SourceQuality "1"]

1. e4 e5 2. Nf3 Nc6 3. Bb5 Nge7 4. Nc3 d6 5. d4 Bd7 6. d5 Nb8 7. Bxd7+ Nxd7 8. Be3 g6 9. Qe2 Bg7 10. 0-0-0 0-0 11. h4 a6 12. h5 b5 13. hxg6 Nxg6 14. Ng5 Nf6 15. f3 Qd7 16. Qd2 a5 17. Ne2 Rfb8 18. Ng3 b4 19. Nh5 Nf8 20. Nxf6+ Bxf6 21. Qf2 a4 22. Qg3 Bg7 23. Rd2 f6 24. Nh3 b3 25. a3 bxc2 26. Rxc2 Ra6 27. Nf2 c6 28. Rd1 cxd5 29. Ng4 Ng6 30. Rxd5 Rc6 31. Rdd2 Rbc8 32. Qf2 f5 33. exf5 Qxf5 34. Rxc6 Rxc6+ 35. Rc2 Rxc2+ 36. Qxc2 Qxc2+ 37. Kxc2 h5 38. Nf2 Nh4 39. g4 hxg4 40. fxg4 Kf7 41. Ne4 Ke6 42. Nc3 d5 43. Nxa4 d4 44. Bc1 e4 45. Nc5+ Kd5 46. b4 Nf3 47. Bf4 Bf6 48. Bh6 Be7 49. Nb3 d3+ 50. Kd1 Ne5 51. g5 e3 52. Nc1 Ke4 53. Bg7 Ng4 54. Nb3 Bd6 55. Nc5+ Bxc5 56. bxc5 Nf2+ 57. Kc1 d2+ 58. Kb2 d1Q 0-1

[Event "Wch U20 Girls 25th"]
[Site "Yerevan"]
[Date "2007.10.08"]
[Round "6"]
[White "Airapetian, Tatevik"]
[Black "Gutierrez Mancillas, Alicia Abig"]
[Result "1-0"]
[WhiteElo "2193"]
[BlackElo "1981"]
[PlyCount "79"]
[EventDate "2007.10.03"]
[EventType "swiss"]
[EventRounds "13"]
[EventCountry "ARM"]
[SourceTitle "CBM 120 Extra"]
[Source "ChessBase"]
[SourceDate "2007.11.01"]
[SourceVersion "1"]
[SourceVersionDate "2007.11.01"]
[SourceQuality "1"]

1. e4 e5 2. Nf3 Nc6 3. Bb5 Nd4 4. Bc4 Bc5 5. Nxd4 Bxd4 6. c3 Bb6 7. d4 Qe7 8. 0-0 d6 9. a4 a5 10. Be3 exd4 11. cxd4 Be6 12. d5 Bxe3 13. dxe6 fxe6 14. fxe3 Nf6 15. Qb3 0-0 16. Bxe6+ Kh8 17. Nc3 Rae8 18. Bf5 g6 19. Bh3 Nxe4 20. Nxe4 Qxe4 21. Qc3+ Kg8 22. Rxf8+ Rxf8 23. Qd4 Qe7 24. e4 b6 25. Re1 Qf7 26. Qd5 Qxd5 27. exd5 Rf4 28. b3 Rd4 29. Rc1 Rd3 30. Rxc7 Rxb3 31. Rc6 Rb1+ 32. Kf2 Rb2+ 33. Ke3 Rb3+ 34. Kd2 Rb4 35. Rxd6 Rxa4 36. Rxb6 Ra2+ 37. Kc3 a4 38. d6 Ra3+ 39. Kc4 Ra1 40. d7 1-0

[Event "Wch U20 Girls 25th"]
[Site "Yerevan"]
[Date "2007.10.06"]
[Round "4"]
[White "Gutierrez Mancillas, Alicia Abig"]
[Black "Kulon, Klaudia"]
[Result "1-0"]
[WhiteElo "1981"]
[BlackElo "2139"]
[PlyCount "85"]
[EventDate "2007.10.03"]
[EventType "swiss"]
[EventRounds "13"]
[EventCountry "ARM"]
[SourceTitle "CBM 120 Extra"]
[Source "ChessBase"]
[SourceDate "2007.11.01"]
[SourceVersion "1"]
[SourceVersionDate "2007.11.01"]
[SourceQuality "1"]

1. e4 e5 2. Nf3 Nc6 3. Bc4 Nf6 4. d4 exd4 5. 0-0 Bc5 6. e5 d5 7. exf6 dxc4 8. Re1+ Be6 9. Ng5 Qd5 10. Nc3 Qf5 11. Nce4 0-0-0 12. g4 Qe5 13. Nxe6 fxe6 14. fxg7 Rhg8 15. Bh6 d3 16. c3 d2 17. Re2 Bb6 18. Qf1 Rd3 19. Rd1 Ne7 20. Ng5 Qd5 21. Rxe6 Qd7 22. Qe2 Nd5 23. Nxh7 Ne3 24. Nf8 Nxd1 25. Re8+ Qxe8 26. Qxe8+ Rd8 27. Qe6+ Kb8 28. Qxg8 Bxf2+ 29. Kh1 Ne3 30. Nd7+ Kc8 31. Qxd8+ Kxd8 32. g8Q+ Kxd7 33. Qg7+ Kc6 34. Qg6+ Kd5 35. Qh5+ Ke4 36. g5 d1Q+ 37. Qxd1 Nxd1 38. g6 Bd4 39. cxd4 Nf2+ 40. Kg2 Ng4 41. Bg5 Kf5 42. g7 Nf6 43. Bxf6 1-0

[Event "Pan American-ch U18 Girls"]
[Site "Medellin"]
[Date "2007.07.02"]
[Round "2"]
[White "Gutierrez Mancillas, Alicia Abig"]
[Black "Chirivi Castiblanco, Jenny Astrid"]
[Result "1/2-1/2"]
[WhiteElo "1960"]
[BlackElo "2052"]
[PlyCount "107"]
[EventDate "2007.07.02"]
[EventType "swiss"]
[EventRounds "9"]
[EventCountry "COL"]
[SourceTitle "EXT 2022"]
[Source "ChessBase"]
[SourceDate "2021.10.06"]
[SourceVersion "1"]
[SourceVersionDate "2021.10.06"]
[SourceQuality "1"]

1. e4 c5 2. Nf3 e6 3. d4 cxd4 4. Nxd4 Nc6 5. Nxc6 bxc6 6. Bd3 d5 7. 0-0 Nf6 8. exd5 cxd5 9. b3 Bd6 10. Bb2 0-0 11. Re1 Re8 12. Bb5 Bd7 13. Bxd7 Nxd7 14. Nd2 Rc8 15. c4 Nb6 16. cxd5 Nxd5 17. Ne4 Bf8 18. Rc1 Qa5 19. Qd4 Red8 20. a4 f6 21. Red1 e5 22. Qd2 Bb4 23. Qe2 Nf4 24. Qg4 f5 25. Rxc8 fxg4 26. Rcxd8+ Kf7 27. Nd6+ Bxd6 28. R8xd6 h6 29. Bc1 Ne2+ 30. Kf1 Nd4 31. Be3 Nxb3 32. Rd7+ Kg6 33. Rxa7 Qc3 34. Rd6+ Kf5 35. Ke2 Qc2+ 36. Ke1 Ke4 37. Rf7 h5 38. Rfd7 Na5 39. Rd2 Qc3 40. Ke2 Nc4 41. R2d3 Qc2+ 42. Bd2 Nb2 43. f3+ Kf5 44. R3d6 gxf3+ 45. gxf3 Qc4+ 46. Kf2 Nxa4 47. Rd8 Qh4+ 48. Kg2 Qe7 49. R6d7 Qf6 50. Rd6 Qf7 51. Kf2 Nc5 52. Be3 Ne6 53. R6d7 Qf6 54. Ke2 1/2-1/2